Find the Number - Statistics

General Stats
  • This quiz has been taken 117 times
  • The average score is 45 of 50
Answer Stats
Hint Answer % Correct
14 A 14
92%
29 AA 29
92%
38 B 38
92%
4 BB 4
92%
11 G 11
92%
41 OO 41
92%
35 S 35
92%
16 SS 16
92%
47 D 47
91%
37 FF 37
91%
7 M 7
91%
28 RR 28
91%
49 UU 49
91%
32 C 32
90%
45 GG 45
90%
1 HH 1
90%
44 I 44
90%
19 JJ 19
90%
20 LL 20
90%
8 MM 8
90%
6 N 6
90%
3 Q 3
90%
27 QQ 27
90%
15 TT 15
90%
48 U 48
90%
23 V 23
90%
2 VV 2
90%
9 W 9
90%
22 WW 22
90%
10 X 10
90%
33 E 33
89%
26 EE 26
89%
17 F 17
89%
12 II 12
89%
46 K 46
89%
39 L 39
89%
13 P 13
89%
40 PP 40
89%
21 R 21
89%
31 T 31
89%
25 DD 25
88%
50 H 50
88%
24 J 24
88%
34 KK 34
88%
36 O 36
88%
30 XX 30
88%
18 Y 18
88%
5 Z 5
88%
42 CC 42
87%
43 NN 43
87%
No matching quizzes found
Score Distribution
Percent of People with Each Score
Percentile by Number Answered
Your Score History
You have not taken this quiz